Atatürk'ün vatana ihanet'le suçlanması (Record no. 12522)

MARC details
000 -BAŞLIK
Sabit Uzunlukta Kontrol Alanı 01055na a2200301 4500
001 - KONTROL NUMARASI
Denetim Alanı 24576
003 - KONTROL NUMARASI IDENTIFIER
Denetim Alanı MIRAKIL
005 - SON İŞLEM TARİHİ VE ZAMANI
Denetim Alanı 20190109120943.0
008 - SABİT-BOY VERİ ELEMANLARI - GENEL BİLGİLER
Sabit Uzunlukta Kontrol Alanı 181212b tu 000 0
020 ## - ULUSLARARASI STANDART KİTAP NUMARASI
Uluslararası Standart Kitap Numarası 9758410458
041 ## - DİL KODU
Metin / Ses Parça Veya Ayrı Başlığın Dil Kodu tur
082 ## - DEWEY ONLU SINIFLANDIRMA NUMARASI
Sınıflandırma Numarası 324.209561
Ürün Numarası Y37a 2004
090 ## - SINIFLAMA NUMARASI
Sınıflama Numarası 324.209561 Y37a 2004
100 ## - ANA GİRİŞ - KİŞİSEL İSİM
Kişisel Ad Yetkin, Çetin
245 ## - BAŞLIK TABLOSU
Başlık Atatürk'ün vatana ihanet'le suçlanması
Başlığın Kalan Türk demokrasi tarihinde ''Serbest Cumhuriyet Fırkası''
-- S.C.F. olayı
Sorumluluk Tablosu, Vb Çetin Yetkin
246 ## - UNVAN FORM VARYING
Başlık Doğru / Kısa Başlığı S.C.F. olayı
246 ## - UNVAN FORM VARYING
Başlık Doğru / Kısa Başlığı Türk demokrasi tarihinde ''Serbest Cumhuriyet Fırkası''
250 ## - EDITION TABLOSU
Baskı Beyanı gözd. gçrl. 3. bs.
260 ## - YAYIN, DAĞITIM, VB
Yayın, Dağıtım, Vb Yeri İstanbul
Yayıncı, Dağıtıcı, Vs Adı Otopsi Yayınları
Yayın, Dağıtım, Vb Tarihi 2004
Üretici Firma Kayhan Matbaacılık
300 ## - FİZİKSEL TANIM
Kapsam 421 s.
Boyutlar 20 sm.
504 ## - KAYNAKÇA VB NOT
Kaynakça Vb Notu Kaynakça ve dizin var.
610 ## - KONU KATMA GİRİŞ - TOPLANTI ADI
Giriş Elemanı Olarak Kurumsal Ad Veya Yargı Alanı Adı Serbest Cumhuriyet Fırkası (SCF)
Genel Alt Bölüm Tarih
650 ## - KONU KATMA GİRİŞ - TOPİKAL DÖNEM
Topikal Süreli Veya Coğrafi Ad Giriş Elemanı Siyasal partiler
Genel Alt Bölümü Tarih
Coğrafi Alt Bölümü Türkiye
650 ## - KONU KATMA GİRİŞ - TOPİKAL DÖNEM
Topikal Süreli Veya Coğrafi Ad Giriş Elemanı Siyaset ve yönetim
Genel Alt Bölümü Tarih
Coğrafi Alt Bölümü Türkiye
740 ## - KATMA GİRİŞ - KONTROLSUZ İLGİLİ / ANALİTİK BAŞLIK
Kontrol Edilmeyen / İlgili Analitik Başlıktaki S.C.F. olayı
740 ## - KATMA GİRİŞ - KONTROLSUZ İLGİLİ / ANALİTİK BAŞLIK
Kontrol Edilmeyen / İlgili Analitik Başlıktaki Türk demokrasi tarihinde ''Serbest Cumhuriyet Fırkası''
942 ## - EKLENDİ GİRİŞ ELEMANLARI (KOHA)
Sınıflandırma Veya Raf Düzeni Kaynak Dewey Decimal Classification
Koha Öğesi Türü Books
999 ## - SİSTEM KONTROL NUMARALARI (KOHA)
Koha Biblionumber 12522
Koha Biblioitemnumber 12522
Holdings
Kalıcı Konum Mevcut Konum Edinme Tarihi Edinim Kaynak Toplam Check-Out'Lar Tam Çağrı Numarası Barkod Tarih Son Görülme İtibaren Geçerli Fiyatlar Koha Öğesi Türü
CHP Kütüphanesi CHP Kütüphanesi 01/09/2019 Bağış   324.209561 Y37a 2004 018464 01/09/2019 01/09/2019 Books